| 000 | 00666cam a2200241 4500 | ||
|---|---|---|---|
| 008 | 090401t1995 xxu||||| |||| 00| 0 eng d | ||
| 020 | _a0952579103 | ||
| 035 | _a(Sirsi) u520 | ||
| 041 | 0 | _aeng | |
| 050 | 0 | 4 | _a306.1 $2 18 |
| 100 | 1 | _aRudlin, David | |
| 245 | 0 | 0 |
_a21st century homes _bbuilding to last |
| 260 |
_aLondon _bURBED _c1995 |
||
| 300 |
_a75p. _bill., maps _c30cm. |
||
| 350 | _a10 | ||
| 651 | 4 |
_aUnited Kingdom _y |
|
| 690 | _aBUILT ENVIRONMENT-SUSTAINABLE CONSTRUCTION | ||
| 700 | 1 | _aFalk, Nicholas | |
| 710 | 2 |
_aUrban and Economic Development Group _92830 |
|
| 710 | 2 |
_aJoseph Rowntree Foundation _92318 |
|
| 942 | _n0 | ||
| 948 | _c04/03/1997 | ||
| 999 |
_c85568 _d85568 |
||